000 nam a22 7a 4500
999 _c55972
_d55972
003 OSt
005 20221107155137.0
008 221107b xxu||||| |||| 00| 0 eng d
040 _cIIMT ENGINEERING COLLEGE
100 _aPoonia M.P.
245 _aBasic Mechanical Engineering
260 _c7/11/22 Khanna Pub.
300 _a776
942 _2ddc
_c01